中国所有城市轨交环线 China urban rail transit loop lines - Statistics

General Stats
  • This quiz has been taken 47 times
  • The average score is 8 of 10
Answer Stats
线路色 线路 % Correct
1f88ce 北京2
95%
7c5fb2 上海4
95%
3aadfc 北京10
92%
72c3da 成都7
92%
d3b67d 重庆环
84%
ffa904 广州11
84%
329966 郑州5
81%
ffb000 哈尔滨3
76%
feb41d 西安8
70%
86ce7a 高雄C
30%
No matching quizzes found
Score Distribution
Percent of People with Each Score
Percentile by Number Answered
Your Score History
You have not taken this quiz